000 00992nam a2200229Ia 4500
003 Ost
005 20260507075652.0
008 260507s9999||||xx |||||||||||||| ||und||
020 _a3048329957
040 _cfsecg
041 _aara
082 _a338.5
100 _aقطف، ابراهيم سليمان
_eمؤلف
245 0 _aمبادئ الإقتصاد الجزئي /
_c ابراهيم سليمان قطف
260 _aعمان:
_bدار حامد للنشر والتوزيع,
_c2004
300 _a285 صفحة؛
_bإيضاحات ؛
_c24 سم
504 _aالمراجع ص.265 كشاف مصطلحات ص.267
520 _aمدخل عام لعلم الإقتصاد- نظرية الطلب والعرض- المرونات- نظرية سلوك المستهلك- الانتاج والتكاليف- الاسواق- أسواق عناصر الانتاج .
653 _aالإقتصاد الجزئي
700 _aخليل، علي محمد
_eمؤلف ثانوي
942 _cكتاب
999 _c45616
_d45616